Only Connect Wall #2 - Statistics

General Stats
  • This quiz has been taken 79 times
  • The average score is 32 of 64
Answer Stats
Question Tile Select % Correct
Input first group here: NOAH No
93%
Input first group here: CLARK No
91%
Input first group here: IKEA No
91%
Input first group here: TOLKIEN No
91%
Input first group here: FRIDAY No
90%
Input first group here: JOWL No
88%
Input first group here: TUTU No
87%
Input first group here: MUSK No
86%
Input first group here: THERON No
77%
Input second group here: DISCORD No
72%
Input second group here: IKEA No
71%
Input third group here: TITANIC No
68%
Input third group here: BEAGLE No
67%
Input first group here: ARGO Yes
65%
Input third group here: ENDEAVOUR No
65%
Input second group here: TUTU No
65%
Input second group here: ARGO No
64%
Input third group here: ARGO No
64%
Input second group here: BOURNE No
64%
Input fourth group here: ARGO No
62%
Input third group here: DISCORD No
61%
Input second group here: MUSK No
61%
Input second group here: TOLKIEN No
61%
Input third group here: TOLKIEN No
61%
Input second group here: JOWL No
59%
Input third group here: MUSK No
59%
Input fourth group here: CLARK No
58%
Input fourth group here: THERON No
58%
Input fourth group here: TITANIC No
58%
Input fourth group here: BEAGLE No
57%
Input third group here: BOURNE No
57%
Input fourth group here: ENDEAVOUR No
55%
Input second group here: NOAH No
55%
Input third group here: TUTU No
55%
Input third group here: NOAH No
54%
Input third group here: ROY No
54%
Input fourth group here: ROY No
54%
Input second group here: THERON No
54%
Input fourth group here: JOWL No
52%
Input second group here: ROY No
52%
Input third group here: FRIDAY No
46%
Input second group here: CLARK No
43%
Input fourth group here: DISCORD No
43%
Input fourth group here: BOURNE No
42%
Input fourth group here: FRIDAY No
42%
Input first group here: BEAGLE No
41%
Input fourth group here: IKEA No
41%
Input first group here: ENDEAVOUR No
33%
Input first group here: TITANIC No
32%
Input second group here: BEAGLE Yes
23%
Input fourth group here: TUTU Yes
23%
Input third group here: IKEA Yes
22%
Input fourth group here: TOLKIEN Yes
20%
Input third group here: CLARK Yes
19%
Input second group here: ENDEAVOUR Yes
17%
Input third group here: THERON Yes
17%
Input fourth group here: MUSK Yes
16%
Input second group here: TITANIC Yes
16%
Input third group here: JOWL Yes
13%
Input fourth group here: NOAH Yes
13%
Input first group here: DISCORD Yes
12%
Input first group here: BOURNE Yes
7%
Input first group here: ROY Yes
7%
Input second group here: FRIDAY Yes
4%
No matching quizzes found
Score Distribution
Percent of People with Each Score
Percentile by Number Answered
Your Score History
You have not taken this quiz